[Event "DEM U10 2024"]
[Site "Willingen GER"]
[Date "2024.05.22"]
[Round "6"]
[White "Zielke, Mika"]
[Black "Sander, Tino"]
[Result "1/2-1/2"]
[Termination "normal"]
[Board "7"]
[WhiteElo "1589"]
[BlackElo "1724"]
[WhiteClock "00:03:48"]
[BlackClock "00:04:10"]
[PlyCount "96"]
[WhiteFideId "34661816"]
[BlackFideId "34636110"]
[EventCountry "GER"]
[EventRounds "11"]
[EventType "swiss"]
[EventDate "2024.05.18"]

1. e4 {[%clk 01:15:55]} {[%emt 00:00:05]} e5 {[%clk 01:16:15]} {[%emt
00:00:14]} 2. Nf3 {[%clk 01:16:02]} {[%emt 00:00:24]} Nc6 {[%clk 01:16:31]}
{[%emt 00:00:13]} 3. Bc4 {[%clk 01:16:16]} {[%emt 00:00:15]} Bc5 {[%clk
01:16:49]} {[%emt 00:00:12]} 4. d3 {[%clk 01:16:15]} {[%emt 00:00:33]} Nf6
{[%clk 01:16:54]} {[%emt 00:00:24]} 5. Be3 {[%clk 01:16:13]} {[%emt 00:00:32]}
Bb6 {[%clk 01:16:23]} {[%emt 00:01:00]} 6. O-O {[%clk 01:16:08]} {[%emt
00:00:36]} O-O {[%clk 01:16:18]} {[%emt 00:00:35]} 7. c3 {[%clk 01:15:59]}
{[%emt 00:00:38]} d6 {[%clk 01:15:29]} {[%emt 00:01:20]} 8. Nbd2 {[%clk
01:14:01]} {[%emt 00:02:29]} Bd7 {[%clk 01:13:05]} {[%emt 00:02:53]} 9. a4
{[%clk 01:08:48]} {[%emt 00:05:43]} Ng4 {[%clk 01:01:32]} {[%emt 00:12:03]} 10.
Bg5 {[%clk 01:01:14]} {[%emt 00:08:04]} Nf6 {[%clk 01:00:26]} {[%emt 00:01:35]}
11. b4 {[%clk 00:53:23]} {[%emt 00:08:22]} a5 {[%clk 00:46:58]} {[%emt
00:13:59]} 12. b5 {[%clk 00:50:50]} {[%emt 00:03:03]} Na7 {[%clk 00:45:17]}
{[%emt 00:02:10]} 13. Re1 {[%clk 00:48:26]} {[%emt 00:02:53]} c6 {[%clk
00:43:42]} {[%emt 00:02:07]} 14. Rb1 {[%clk 00:42:22]} {[%emt 00:06:32]} Nc8
{[%clk 00:36:34]} {[%emt 00:07:39]} 15. Qb3 {[%clk 00:36:17]} {[%emt 00:06:35]}
Qe7 {[%clk 00:27:43]} {[%emt 00:09:20]} 16. h3 {[%clk 00:28:16]} {[%emt
00:08:31]} c5 {[%clk 00:18:39]} {[%emt 00:09:36]} 17. Nf1 {[%clk 00:24:27]}
{[%emt 00:04:18]} Be6 {[%clk 00:16:08]} {[%emt 00:03:02]} 18. Bd5 {[%clk
00:23:39]} {[%emt 00:01:15]} h6 {[%clk 00:15:01]} {[%emt 00:01:40]} 19. Bxe6
{[%clk 00:17:24]} {[%emt 00:06:44]} Qxe6 {[%clk 00:14:30]} {[%emt 00:01:01]}
20. Be3 {[%clk 00:17:13]} {[%emt 00:00:40]} Qxb3 {[%emt 00:00:56]} 21. Rxb3
{[%clk 00:17:36]} {[%emt 00:00:05]} Ne7 {[%clk 00:14:09]} {[%emt 00:00:27]} 22.
c4 {[%clk 00:17:08]} {[%emt 00:01:00]} Nd7 {[%clk 00:13:20]} {[%emt 00:01:18]}
23. g4 {[%clk 00:15:10]} {[%emt 00:02:29]} Kh7 {[%clk 00:12:34]} {[%emt
00:01:16]} 24. Ng3 {[%clk 00:14:16]} {[%emt 00:01:23]} g6 {[%clk 00:12:19]}
{[%emt 00:00:44]} 25. Nh4 {[%clk 00:13:26]} {[%emt 00:01:20]} Kg7 {[%clk
00:10:53]} {[%emt 00:01:51]} 26. Bd2 {[%clk 00:13:18]} {[%emt 00:00:43]} Rh8
{[%clk 00:10:05]} {[%emt 00:01:17]} 27. Ng2 {[%clk 00:12:12]} {[%emt 00:01:37]}
f6 {[%clk 00:07:44]} {[%emt 00:02:51]} 28. Ne3 {[%clk 00:11:59]} {[%emt
00:00:44]} Raf8 {[%clk 00:07:30]} {[%emt 00:00:44]} 29. Rf1 {[%clk 00:09:56]}
{[%emt 00:02:33]} Rf7 {[%clk 00:07:12]} {[%emt 00:00:47]} 30. f4 {[%clk
00:08:26]} {[%emt 00:02:01]} Rhf8 {[%clk 00:07:08]} {[%emt 00:00:33]} 31. f5
{[%clk 00:07:57]} {[%emt 00:01:00]} g5 {[%clk 00:06:49]} {[%emt 00:00:49]} 32.
Ne2 {[%clk 00:07:37]} {[%emt 00:00:49]} Rh8 {[%clk 00:07:04]} {[%emt 00:00:16]}
33. Kg2 {[%clk 00:06:46]} {[%emt 00:01:21]} h5 {[%clk 00:06:47]} {[%emt
00:00:47]} 34. Rh1 {[%clk 00:06:35]} {[%emt 00:00:42]} h4 {[%clk 00:06:32]}
{[%emt 00:00:43]} 35. Nc3 {[%clk 00:06:45]} {[%emt 00:00:21]} Bd8 {[%clk
00:05:40]} {[%emt 00:01:22]} 36. Ncd5 {[%clk 00:06:50]} {[%emt 00:00:25]} Nxd5
{[%clk 00:05:56]} {[%emt 00:00:14]} 37. Nxd5 {[%clk 00:06:21]} {[%emt
00:00:59]} b6 {[%clk 00:05:53]} {[%emt 00:00:34]} 38. Rhb1 {[%clk 00:06:19]}
{[%emt 00:00:32]} Nb8 {[%clk 00:05:53]} {[%emt 00:00:29]} 39. Kf3 {[%clk
00:03:40]} {[%emt 00:03:10]} Ra7 {[%clk 00:05:51]} {[%emt 00:00:28]} 40. Nc3
{[%clk 00:03:28]} {[%emt 00:00:46]} Kf7 {[%clk 00:06:04]} {[%emt 00:00:16]} 41.
Kf2 {[%clk 00:03:45]} {[%emt 00:00:11]} Nd7 {[%clk 00:03:21]} {[%emt 00:03:15]}
42. R3b2 {[%clk 00:03:32]} {[%emt 00:00:43]} Rg8 {[%clk 00:03:38]} {[%emt
00:00:13]} 43. Na2 {[%clk 00:03:38]} {[%emt 00:00:24]} Rh8 {[%clk 00:03:38]}
{[%emt 00:00:30]} 44. Rg1 {[%clk 00:02:52]} {[%emt 00:01:16]} Rg8 {[%clk
00:03:22]} {[%emt 00:00:45]} 45. Kf3 {[%clk 00:03:10]} {[%emt 00:00:13]} Ra8
{[%clk 00:03:36]} {[%emt 00:00:16]} 46. Be1 {[%clk 00:03:24]} {[%emt 00:00:16]}
Rh8 {[%clk 00:03:54]} {[%emt 00:00:11]} 47. Rbg2 {[%clk 00:03:27]} {[%emt
00:00:28]} Ra7 {[%clk 00:04:02]} {[%emt 00:00:19]} 48. Nc3 {[%clk 00:03:48]}
{[%emt 00:00:12]} Ra8 {[%clk 00:04:10]} {[%emt 00:00:20]} 1/2-1/2

[Event "DEM U10 2024"]
[Site "Willingen GER"]
[Date "2024.05.22"]
[Round "6"]
[White "Naumann, Lennart"]
[Black "Spielmann, Jan"]
[Result "1-0"]
[Termination "normal"]
[Board "8"]
[WhiteElo "1707"]
[BlackElo "1725"]
[WhiteClock "00:41:58"]
[BlackClock "00:37:23"]
[PlyCount "93"]
[WhiteFideId "34644830"]
[BlackFideId "34680039"]
[EventCountry "GER"]
[EventRounds "11"]
[EventType "swiss"]
[EventDate "2024.05.18"]

1. e4 {[%clk 01:15:58]} {[%emt 00:08:35]} e5 {[%clk 01:15:54]} {[%emt
00:00:07]} 2. Nf3 {[%clk 01:16:24]} {[%emt 00:00:03]} f5 {[%clk 01:15:40]}
{[%emt 00:00:45]} 3. Nxe5 {[%clk 01:15:52]} {[%emt 00:01:01]} Nf6 {[%clk
01:14:35]} {[%emt 00:01:36]} 4. Bc4 {[%clk 01:15:27]} {[%emt 00:00:56]} Qe7
{[%clk 01:14:05]} {[%emt 00:01:00]} 5. d4 {[%clk 01:14:23]} {[%emt 00:01:34]}
d6 {[%clk 01:11:54]} {[%emt 00:02:40]} 6. Nf7 {[%clk 01:10:36]} {[%emt
00:04:17]} Qxe4+ {[%clk 01:12:07]} {[%emt 00:00:17]} 7. Qe2 {[%clk 01:10:53]}
{[%emt 00:00:13]} Qxe2+ {[%clk 01:12:33]} {[%emt 00:00:05]} 8. Kxe2 {[%clk
01:11:11]} {[%emt 00:00:12]} d5 {[%clk 01:12:48]} {[%emt 00:00:12]} 9. Bxd5
{[%clk 01:09:59]} {[%emt 00:01:45]} Nxd5 {[%clk 01:13:12]} {[%emt 00:00:05]}
10. Nxh8 {[%clk 01:10:13]} {[%emt 00:00:16]} g6 {[%clk 01:12:40]} {[%emt
00:01:02]} 11. Re1 {[%clk 01:09:45]} {[%emt 00:00:59]} Nc6 {[%clk 01:12:33]}
{[%emt 00:00:37]} 12. c4 {[%clk 01:04:36]} {[%emt 00:05:39]} Ndb4 {[%clk
01:05:32]} {[%emt 00:07:31]} 13. Kd1+ {[%clk 01:03:37]} {[%emt 00:01:27]} Ne7
{[%clk 01:02:38]} {[%emt 00:03:25]} 14. Nc3 {[%clk 01:02:17]} {[%emt 00:01:50]}
Nd3 {[%clk 01:01:15]} {[%emt 00:01:53]} 15. Re2 {[%clk 01:01:06]} {[%emt
00:01:41]} Nxc1 {[%clk 01:01:29]} {[%emt 00:00:17]} 16. Rxc1 {[%clk 01:01:19]}
{[%emt 00:00:16]} c6 {[%clk 01:00:48]} {[%emt 00:01:10]} 17. d5 {[%clk
01:01:27]} {[%emt 00:00:23]} cxd5 {[%clk 00:59:32]} {[%emt 00:01:47]} 18. Nxd5
{[%clk 01:01:11]} {[%emt 00:00:46]} Kd8 {[%clk 00:58:07]} {[%emt 00:01:55]} 19.
Nf7+ {[%clk 00:57:31]} {[%emt 00:04:08]} Kd7 {[%clk 00:57:12]} {[%emt
00:01:23]} 20. Ne5+ {[%clk 00:56:47]} {[%emt 00:01:18]} Kd6 {[%clk 00:54:43]}
{[%emt 00:02:53]} 21. Nxe7 {[%clk 00:55:52]} {[%emt 00:01:31]} Bxe7 {[%clk
00:54:48]} {[%emt 00:00:25]} 22. c5+ {[%clk 00:56:12]} {[%emt 00:00:09]} Kc7
{[%clk 00:54:28]} {[%emt 00:00:50]} 23. Nxg6 {[%clk 00:54:59]} {[%emt
00:01:42]} Bf6 {[%clk 00:52:38]} {[%emt 00:02:16]} 24. Nf4 {[%clk 00:52:16]}
{[%emt 00:03:17]} Bg5 {[%clk 00:50:07]} {[%emt 00:03:01]} 25. Rc4 {[%clk
00:47:37]} {[%emt 00:05:09]} Bd7 {[%clk 00:48:23]} {[%emt 00:02:14]} 26. c6
{[%clk 00:42:52]} {[%emt 00:05:16]} bxc6 {[%clk 00:43:43]} {[%emt 00:05:11]}
27. Ne6+ {[%clk 00:41:58]} {[%emt 00:01:23]} Bxe6 {[%clk 00:44:03]} {[%emt
00:00:11]} 28. Rxe6 {[%clk 00:42:22]} {[%emt 00:00:05]} Rd8+ {[%clk 00:44:18]}
{[%emt 00:00:15]} 29. Ke1 {[%clk 00:42:38]} {[%emt 00:00:12]} Rd6 {[%clk
00:44:23]} {[%emt 00:00:26]} 30. Rxd6 {[%clk 00:43:00]} {[%emt 00:00:09]} Kxd6
{[%clk 00:44:40]} {[%emt 00:00:14]} 31. Ra4 {[%clk 00:43:22]} {[%emt 00:00:07]}
Bf6 {[%clk 00:44:32]} {[%emt 00:00:38]} 32. Rxa7 {[%clk 00:42:55]} {[%emt
00:00:57]} h6 {[%clk 00:44:41]} {[%emt 00:00:21]} 33. Rh7 {[%clk 00:42:18]}
{[%emt 00:01:07]} Bg5 {[%clk 00:33:57]} {[%emt 00:11:13]} 34. h4 {[%clk
00:42:17]} {[%emt 00:00:31]} Bf4 {[%clk 00:34:11]} {[%emt 00:00:17]} 35. g3
{[%clk 00:42:36]} {[%emt 00:00:11]} Bc1 {[%clk 00:34:36]} {[%emt 00:00:05]} 36.
b3 {[%clk 00:42:48]} {[%emt 00:00:16]} Kc5 {[%clk 00:34:49]} {[%emt 00:00:19]}
37. Kd1 {[%clk 00:43:08]} {[%emt 00:00:10]} Bb2 {[%clk 00:35:15]} {[%emt
00:00:03]} 38. Rxh6 {[%clk 00:43:02]} {[%emt 00:00:35]} Kd5 {[%clk 00:35:38]}
{[%emt 00:00:09]} 39. Rh7 {[%clk 00:42:17]} {[%emt 00:01:15]} Ke6 {[%clk
00:35:39]} {[%emt 00:00:27]} 40. a4 {[%clk 00:42:23]} {[%emt 00:00:26]} Bc3
{[%clk 00:36:02]} {[%emt 00:00:07]} 41. Ke2 {[%clk 00:42:03]} {[%emt 00:00:50]}
c5 {[%clk 00:36:24]} {[%emt 00:00:08]} 42. Rh6+ {[%clk 00:41:34]} {[%emt
00:00:59]} Kf7 {[%clk 00:36:36]} {[%emt 00:00:18]} 43. Rd6 {[%clk 00:41:24]}
{[%emt 00:00:39]} Bb4 {[%clk 00:36:45]} {[%emt 00:00:22]} 44. Rb6 {[%clk
00:40:54]} {[%emt 00:00:59]} Ba5 {[%clk 00:36:35]} {[%emt 00:00:41]} 45. Rb5
{[%clk 00:41:17]} {[%emt 00:00:07]} Bb4 {[%clk 00:36:59]} {[%emt 00:00:06]} 46.
Rxb4 {[%clk 00:41:37]} {[%emt 00:00:11]} cxb4 {[%clk 00:37:23]} {[%emt
00:00:06]} 47. a5 {[%clk 00:41:58]} {[%emt 00:00:08]} 1-0

[Event "DEM U10 2024"]
[Site "Willingen GER"]
[Date "2024.05.22"]
[Round "6"]
[White "Al Luwaisi, Omer"]
[Black "Shivkumar, Shreyas"]
[Result "0-1"]
[Termination "normal"]
[Board "9"]
[WhiteElo "1660"]
[BlackElo "1728"]
[WhiteClock "00:01:46"]
[BlackClock "00:23:39"]
[PlyCount "82"]
[WhiteFideId "34645888"]
[BlackFideId "34638407"]
[EventCountry "GER"]
[EventRounds "11"]
[EventType "swiss"]
[EventDate "2024.05.18"]

1. e4 {[%clk 01:15:59]} c5 {[%clk 01:15:55]} {[%emt 00:00:06]} 2. Nf3 {[%clk
01:16:24]} {[%emt 00:00:05]} Nc6 {[%clk 01:16:20]} {[%emt 00:00:05]} 3. c3
{[%clk 01:16:48]} {[%emt 00:00:06]} e5 {[%clk 01:16:44]} {[%emt 00:00:06]} 4.
d4 {[%clk 01:17:11]} {[%emt 00:00:07]} cxd4 {[%clk 01:17:09]} {[%emt 00:00:05]}
5. cxd4 {[%clk 01:17:29]} {[%emt 00:00:11]} exd4 {[%clk 01:17:32]} {[%emt
00:00:07]} 6. Nxd4 {[%clk 01:17:50]} {[%emt 00:00:09]} Nf6 {[%clk 01:17:59]}
{[%emt 00:00:04]} 7. Nxc6 {[%clk 01:10:00]} {[%emt 00:08:20]} bxc6 {[%clk
01:18:21]} {[%emt 00:00:07]} 8. Nc3 {[%clk 01:10:11]} {[%emt 00:00:20]} Bb4
{[%clk 01:18:38]} {[%emt 00:00:13]} 9. Bd2 {[%clk 00:59:01]} {[%emt 00:11:40]}
O-O {[%clk 01:18:24]} {[%emt 00:00:44]} 10. Bd3 {[%clk 00:59:24]} {[%emt
00:00:06]} Re8 {[%clk 01:18:47]} {[%emt 00:00:08]} 11. O-O {[%clk 00:40:29]}
{[%emt 00:19:25]} Bxc3 {[%clk 01:17:45]} {[%emt 00:01:32]} 12. Bxc3 {[%clk
00:39:42]} {[%emt 00:01:17]} Nxe4 {[%clk 01:11:17]} {[%emt 00:06:58]} 13. Bxe4
{[%clk 00:33:22]} {[%emt 00:06:50]} Rxe4 {[%clk 01:11:23]} {[%emt 00:00:23]}
14. Qf3 {[%clk 00:33:47]} {[%emt 00:00:05]} d5 {[%clk 01:10:46]} {[%emt
00:01:07]} 15. Rad1 {[%clk 00:31:40]} {[%emt 00:02:36]} Qg5 {[%clk 01:09:11]}
{[%emt 00:02:06]} 16. h3 {[%clk 00:19:33]} {[%emt 00:12:38]} Ba6 {[%clk
01:07:57]} {[%emt 00:01:44]} 17. Rfe1 {[%clk 00:19:49]} {[%emt 00:00:14]} Rae8
{[%clk 01:08:07]} {[%emt 00:00:19]} 18. Rxe4 {[%emt 00:02:21]} Rxe4 {[%clk
01:06:39]} {[%emt 00:01:56]} 19. Bd2 {[%clk 00:18:06]} {[%emt 00:00:25]} Qe7
{[%clk 01:05:59]} {[%emt 00:01:04]} 20. Qg3 {[%clk 00:14:00]} {[%emt 00:04:33]}
Qe5 {[%clk 01:04:21]} {[%emt 00:02:16]} 21. Qa3 {[%clk 00:11:04]} {[%emt
00:03:26]} Be2 {[%clk 01:04:09]} {[%emt 00:00:43]} 22. Rc1 {[%clk 00:09:33]}
{[%emt 00:02:00]} Qc7 {[%clk 00:56:42]} {[%emt 00:07:57]} 23. Qc5 {[%clk
00:07:29]} {[%emt 00:02:36]} Re6 {[%clk 00:56:34]} {[%emt 00:00:37]} 24. Bb4
{[%clk 00:07:50]} {[%emt 00:00:08]} h6 {[%clk 00:56:18]} {[%emt 00:00:46]} 25.
Rc3 {[%clk 00:02:06]} {[%emt 00:06:10]} Bh5 {[%clk 00:47:35]} {[%emt 00:09:18]}
26. Rg3 {[%clk 00:02:18]} {[%emt 00:00:18]} Bg6 {[%clk 00:42:32]} {[%emt
00:05:32]} 27. h4 {[%clk 00:02:17]} {[%emt 00:00:31]} Qd8 {[%clk 00:41:23]}
{[%emt 00:01:39]} 28. h5 {[%clk 00:02:07]} {[%emt 00:00:41]} Bxh5 {[%clk
00:39:54]} {[%emt 00:01:59]} 29. Bc3 {[%clk 00:02:13]} {[%emt 00:00:24]} Bg6
{[%clk 00:39:51]} {[%emt 00:00:32]} 30. Qd4 {[%clk 00:02:28]} {[%emt 00:00:14]}
Qf8 {[%clk 00:38:57]} {[%emt 00:01:26]} 31. f4 {[%clk 00:02:52]} {[%emt
00:00:06]} Re4 {[%clk 00:29:30]} {[%emt 00:09:58]} 32. Qd2 {[%clk 00:02:39]}
{[%emt 00:00:42]} Qc5+ {[%clk 00:29:48]} {[%emt 00:00:11]} 33. Kh2 {[%clk
00:01:35]} {[%emt 00:01:31]} d4 {[%clk 00:29:26]} {[%emt 00:00:56]} 34. Bb4
{[%clk 00:01:54]} {[%emt 00:00:11]} Qh5+ {[%clk 00:29:14]} {[%emt 00:00:41]}
35. Rh3 {[%clk 00:01:53]} {[%emt 00:00:30]} Qe2 {[%clk 00:28:53]} {[%emt
00:00:53]} 36. Qc1 {[%clk 00:01:38]} {[%emt 00:00:34]} d3 {[%clk 00:26:32]}
{[%emt 00:03:02]} 37. f5 {[%clk 00:00:47]} {[%emt 00:01:21]} Bxf5 {[%clk
00:23:23]} {[%emt 00:03:39]} 38. Rxh6 {[%clk 00:00:42]} {[%emt 00:00:35]} gxh6
{[%clk 00:22:47]} {[%emt 00:01:06]} 39. Qxh6 {[%clk 00:01:04]} {[%emt
00:00:06]} Rxb4 {[%clk 00:22:52]} {[%emt 00:00:26]} 40. Qg5+ {[%clk 00:01:25]}
{[%emt 00:00:09]} Bg6 {[%clk 00:23:14]} {[%emt 00:00:09]} 41. Qd8+ {[%clk
00:01:46]} {[%emt 00:00:08]} Kg7 {[%clk 00:23:39]} {[%emt 00:00:05]} 0-1

[Event "DEM U10 2024"]
[Site "Willingen GER"]
[Date "2024.05.22"]
[Round "6"]
[White "Stojanoski, Stefan"]
[Black "Barsov, Mikhail"]
[Result "1-0"]
[Termination "normal"]
[Board "10"]
[WhiteElo "1638"]
[BlackElo "1708"]
[WhiteClock "00:37:36"]
[BlackClock "00:13:25"]
[PlyCount "157"]
[WhiteFideId "34632948"]
[BlackFideId "34623906"]
[EventCountry "GER"]
[EventRounds "11"]
[EventType "swiss"]
[EventDate "2024.05.18"]

1. e4 {[%clk 01:15:59]} c5 {[%clk 01:15:57]} {[%emt 00:00:03]} 2. Nf3 {[%clk
01:16:22]} {[%emt 00:00:07]} e6 {[%clk 01:16:25]} {[%emt 00:00:03]} 3. d4
{[%clk 01:16:39]} {[%emt 00:00:12]} cxd4 {[%clk 01:16:52]} {[%emt 00:00:03]} 4.
Nxd4 {[%clk 01:17:02]} {[%emt 00:00:07]} Nf6 {[%clk 01:17:19]} {[%emt
00:00:03]} 5. Bd3 {[%clk 01:16:10]} {[%emt 00:01:22]} Nc6 {[%clk 01:17:31]}
{[%emt 00:00:18]} 6. Nxc6 {[%clk 01:16:11]} {[%emt 00:00:29]} bxc6 {[%clk
01:17:57]} {[%emt 00:00:04]} 7. c4 {[%clk 01:16:28]} {[%emt 00:00:14]} d5
{[%clk 01:17:33]} {[%emt 00:00:55]} 8. cxd5 {[%clk 01:16:31]} {[%emt 00:00:26]}
cxd5 {[%clk 01:17:59]} {[%emt 00:00:05]} 9. exd5 {[%clk 01:16:11]} {[%emt
00:00:50]} Nxd5 {[%clk 01:18:20]} {[%emt 00:00:08]} 10. O-O {[%clk 01:15:49]}
{[%emt 00:00:51]} Be7 {[%clk 01:18:23]} {[%emt 00:00:28]} 11. a3 {[%clk
01:06:45]} {[%emt 00:09:34]} Bd7 {[%clk 01:17:43]} {[%emt 00:01:09]} 12. Be4
{[%clk 01:05:28]} {[%emt 00:01:47]} Bc6 {[%clk 00:58:07]} {[%emt 00:20:07]} 13.
Qc2 {[%clk 01:03:41]} {[%emt 00:02:17]} Rc8 {[%clk 00:58:12]} {[%emt 00:00:24]}
14. Rd1 {[%clk 00:50:05]} {[%emt 00:14:07]} Qc7 {[%clk 00:55:23]} {[%emt
00:03:19]} 15. Bxd5 {[%clk 00:48:32]} {[%emt 00:02:02]} Bxd5 {[%clk 00:55:09]}
{[%emt 00:00:44]} 16. Qxc7 {[%clk 00:48:49]} {[%emt 00:00:13]} Rxc7 {[%clk
00:55:35]} {[%emt 00:00:05]} 17. Nc3 {[%clk 00:48:45]} {[%emt 00:00:33]} Bb3
{[%clk 00:55:38]} {[%emt 00:00:27]} 18. Rd3 {[%clk 00:48:56]} {[%emt 00:00:18]}
Bc4 {[%clk 00:54:17]} {[%emt 00:01:54]} 19. Rd4 {[%clk 00:47:07]} {[%emt
00:02:17]} Bf6 {[%clk 00:54:27]} {[%emt 00:00:21]} 20. Re4 {[%clk 00:46:35]}
{[%emt 00:01:02]} Bxc3 {[%clk 00:52:56]} {[%emt 00:02:01]} 21. bxc3 {[%clk
00:46:57]} {[%emt 00:00:07]} Bd5 {[%clk 00:51:56]} {[%emt 00:01:30]} 22. Rb4
{[%clk 00:46:25]} {[%emt 00:01:00]} Ke7 {[%clk 00:50:55]} {[%emt 00:01:33]} 23.
Bf4 {[%clk 00:46:06]} {[%emt 00:00:48]} Rxc3 {[%clk 00:47:21]} {[%emt
00:04:05]} 24. Ra4 {[%clk 00:46:08]} {[%emt 00:00:29]} Ra8 {[%clk 00:43:13]}
{[%emt 00:04:37]} 25. Be3 {[%clk 00:46:01]} {[%emt 00:00:37]} a6 {[%clk
00:40:46]} {[%emt 00:02:58]} 26. Bd4 {[%clk 00:45:57]} {[%emt 00:00:32]} Rc2
{[%clk 00:40:39]} {[%emt 00:00:38]} 27. Bxg7 {[%clk 00:44:56]} {[%emt
00:01:31]} Rg8 {[%clk 00:36:50]} {[%emt 00:04:18]} 28. Rg4 {[%clk 00:45:17]}
{[%emt 00:00:11]} Rgc8 {[%clk 00:36:52]} {[%emt 00:00:27]} 29. Bh6 {[%clk
00:44:47]} {[%emt 00:00:58]} Re2 {[%clk 00:35:33]} {[%emt 00:01:52]} 30. Be3
{[%clk 00:44:32]} {[%emt 00:00:44]} Rcc2 {[%clk 00:35:37]} {[%emt 00:00:26]}
31. h3 {[%clk 00:44:35]} {[%emt 00:00:27]} Bc4 {[%clk 00:31:30]} {[%emt
00:04:38]} 32. Bc5+ {[%clk 00:28:44]} {[%emt 00:16:20]} Kf6 {[%clk 00:21:42]}
{[%emt 00:10:15]} 33. Rb1 {[%clk 00:24:06]} {[%emt 00:05:11]} Bb5 {[%clk
00:20:07]} {[%emt 00:02:06]} 34. Be3 {[%clk 00:23:00]} {[%emt 00:01:35]} h5
{[%clk 00:18:07]} {[%emt 00:02:31]} 35. Rg8 {[%clk 00:22:04]} {[%emt 00:01:21]}
Ra2 {[%clk 00:15:28]} {[%emt 00:03:12]} 36. Bg5+ {[%clk 00:18:21]} {[%emt
00:04:14]} Kf5 {[%clk 00:14:19]} {[%emt 00:01:39]} 37. Bh4 {[%clk 00:16:52]}
{[%emt 00:01:57]} Rxa3 {[%clk 00:08:26]} {[%emt 00:06:26]} 38. Rg5+ {[%clk
00:17:11]} {[%emt 00:00:10]} Kf4 {[%clk 00:03:20]} {[%emt 00:05:36]} 39. Rb4+
{[%clk 00:17:37]} {[%emt 00:00:04]} Re4 {[%clk 00:03:31]} {[%emt 00:00:19]} 40.
Rxe4+ {[%clk 00:16:03]} {[%emt 00:02:05]} Kxe4 {[%clk 00:03:27]} {[%emt
00:00:33]} 41. Rxh5 {[%clk 00:16:27]} {[%emt 00:00:06]} Bc4 {[%clk 00:01:51]}
{[%emt 00:02:06]} 42. f3+ {[%clk 00:16:35]} {[%emt 00:00:23]} Kd3 {[%clk
00:01:32]} {[%emt 00:00:48]} 43. Re5 {[%clk 00:15:18]} {[%emt 00:01:46]} Ra1+
{[%clk 00:00:38]} {[%emt 00:01:25]} 44. Kh2 {[%clk 00:15:33]} {[%emt 00:00:14]}
a5 {[%clk 00:00:53]} {[%emt 00:00:17]} 45. Bf6 {[%clk 00:15:35]} {[%emt
00:00:25]} a4 {[%clk 00:15:25]} {[%emt 00:01:00]} 46. h4 {[%clk 00:30:48]}
{[%emt 00:00:16]} Kd2 {[%clk 00:13:29]} {[%emt 00:02:23]} 47. Rc5 {[%clk
00:31:01]} {[%emt 00:00:21]} Rb1 {[%clk 00:10:56]} {[%emt 00:03:03]} 48. Rxc4
{[%clk 00:31:17]} {[%emt 00:00:14]} a3 {[%clk 00:11:06]} {[%emt 00:00:21]} 49.
Ra4 {[%clk 00:31:40]} {[%emt 00:00:06]} Rb3 {[%clk 00:10:06]} {[%emt 00:01:29]}
50. h5 {[%clk 00:32:07]} {[%emt 00:00:04]} Rb5 {[%clk 00:10:04]} {[%emt
00:00:32]} 51. Rxa3 {[%clk 00:32:13]} {[%emt 00:00:24]} Rxh5 {[%clk 00:10:30]}
{[%emt 00:00:05]} 52. Kg3 {[%clk 00:32:29]} {[%emt 00:00:13]} Rf5 {[%clk
00:10:22]} {[%emt 00:00:37]} 53. Bh4 {[%clk 00:32:45]} {[%emt 00:00:15]} Rd5
{[%clk 00:10:24]} {[%emt 00:00:27]} 54. Ra2+ {[%clk 00:31:35]} {[%emt
00:01:40]} Kd3 {[%clk 00:08:41]} {[%emt 00:01:55]} 55. Ra1 {[%clk 00:31:12]}
{[%emt 00:01:11]} Kc4 {[%clk 00:07:40]} {[%emt 00:01:29]} 56. Rc1+ {[%clk
00:31:40]} {[%emt 00:00:05]} Kb5 {[%clk 00:07:38]} {[%emt 00:00:30]} 57. Rc7
{[%clk 00:32:06]} {[%emt 00:00:06]} f5 {[%clk 00:07:58]} {[%emt 00:00:10]} 58.
Re7 {[%clk 00:32:06]} {[%emt 00:00:29]} e5 {[%clk 00:07:33]} {[%emt 00:00:54]}
59. Bf6 {[%clk 00:32:15]} {[%emt 00:00:15]} e4 {[%clk 00:07:06]} {[%emt
00:01:05]} 60. fxe4 {[%clk 00:32:02]} {[%emt 00:00:43]} Rd3+ {[%clk 00:07:16]}
{[%emt 00:00:19]} 61. Kf4 {[%clk 00:31:53]} {[%emt 00:00:41]} fxe4 {[%clk
00:07:23]} {[%emt 00:00:23]} 62. Rxe4 {[%clk 00:32:08]} {[%emt 00:00:14]} Rd2
{[%clk 00:07:34]} {[%emt 00:00:14]} 63. g4 {[%clk 00:32:11]} {[%emt 00:00:32]}
Kc6 {[%clk 00:08:00]} {[%emt 00:00:04]} 64. g5 {[%clk 00:32:18]} {[%emt
00:00:23]} Rf2+ {[%clk 00:08:10]} {[%emt 00:00:21]} 65. Ke5 {[%clk 00:32:31]}
{[%emt 00:00:16]} Rg2 {[%clk 00:08:31]} {[%emt 00:00:09]} 66. Ke6 {[%clk
00:32:49]} {[%emt 00:00:10]} Rg1 {[%clk 00:08:42]} {[%emt 00:00:19]} 67. Kf7
{[%clk 00:33:13]} {[%emt 00:00:07]} Kd7 {[%clk 00:09:02]} {[%emt 00:00:11]} 68.
Rd4+ {[%clk 00:33:40]} {[%emt 00:00:04]} Kc6 {[%clk 00:09:26]} {[%emt
00:00:06]} 69. g6 {[%clk 00:34:04]} {[%emt 00:00:05]} Rg2 {[%clk 00:09:37]}
{[%emt 00:00:17]} 70. g7 {[%clk 00:34:30]} {[%emt 00:00:06]} Rxg7+ {[%clk
00:09:59]} {[%emt 00:00:07]} 71. Bxg7 {[%clk 00:34:51]} {[%emt 00:00:09]} Kc5
{[%clk 00:10:27]} {[%emt 00:00:02]} 72. Ke6 {[%clk 00:35:08]} {[%emt 00:00:13]}
Kc6 {[%clk 00:10:56]} {[%emt 00:00:03]} 73. Rc4+ {[%clk 00:35:26]} {[%emt
00:00:11]} Kb5 {[%clk 00:11:25]} {[%emt 00:00:02]} 74. Kd5 {[%clk 00:35:46]}
{[%emt 00:00:09]} Kb6 {[%clk 00:11:54]} {[%emt 00:00:01]} 75. Bd4+ {[%clk
00:36:10]} {[%emt 00:00:05]} Kb5 {[%clk 00:12:19]} {[%emt 00:00:06]} 76. Bc5
{[%clk 00:36:28]} {[%emt 00:00:11]} Ka6 {[%clk 00:12:33]} {[%emt 00:00:17]} 77.
Rb4 {[%clk 00:36:51]} {[%emt 00:00:07]} Ka5 {[%clk 00:12:58]} {[%emt 00:00:05]}
78. Kc6 {[%clk 00:37:11]} {[%emt 00:00:10]} Ka6 {[%clk 00:13:25]} {[%emt
00:00:03]} 79. Ra4# {[%clk 00:37:36]} {[%emt 00:00:05]} 1-0